Who goes to school? : (Record no. 5563)

MARC details
000 -LEADER
fixed length control field 01144cam a2200289 4500
001 - CONTROL NUMBER
control field 6613
010 ## - LIBRARY OF CONGRESS CONTROL NUMBER
LC control number 2011311653
020 ## - INTERNATIONAL STANDARD BOOK NUMBER
International Standard Book Number 0198070764
International Standard Book Number 9780198070764
100 ## - MAIN ENTRY--PERSONAL NAME
Personal name Govinda, R.
Numeration
Titles and words associated with a name
Dates associated with a name
Relator term
Fuller form of name
245 00 - TITLE STATEMENT
Title Who goes to school? :
Remainder of title exploring exclusion in Indian education /
Statement of responsibility, etc. edited by R. Govinda.
250 ## - EDITION STATEMENT
Edition statement First edition.
260 ## - PUBLICATION, DISTRIBUTION, ETC.
Place of publication, distribution, etc. New Delhi :
Name of publisher, distributor, etc. Oxford University Press,
Date of publication, distribution, etc. 2011.
300 ## - PHYSICAL DESCRIPTION
Extent xxvi, 419 pages ;
Dimensions 22 cm.
336 ## - CONTENT TYPE
Content type term text
Source rdacontent
337 ## - MEDIA TYPE
Media type term unmediated
Source rdamedia
338 ## - CARRIER TYPE
Carrier type term volume
Source rdacarrier
500 ## - GENERAL NOTE
General note ""Consortium for Research on Educational Access, Transitions & Equity ; National University of Educational Planning and Administration.""
504 ## - BIBLIOGRAPHY, ETC. NOTE
Bibliography, etc. note Includes bibliographical references.
520 ## - SUMMARY, ETC.
Summary, etc. Contributed articles.
650 #0 - SUBJECT ADDED ENTRY--TOPICAL TERM
Topical term or geographic name entry element Education, Primary
Geographic subdivision India.
Topical term or geographic name entry element Educational equalization
Geographic subdivision India.
Topical term or geographic name entry element Right to educatiopn
Geographic subdivision India.
700 1# - ADDED ENTRY--PERSONAL NAME
Personal name Govinda, R.,
Relator term editor of compilation.
710 2# - ADDED ENTRY--CORPORATE NAME
Corporate name or jurisdiction name as entry element Consortium for Research on Educational Access, Transitions & Equity.
Corporate name or jurisdiction name as entry element National University of Educational Planning and Administration (India)
Holdings
Withdrawn status Lost status Source of classification or shelving scheme Damaged status Not for loan Collection code Home library Current library Shelving location Date acquired Serial Enumeration / chronology Inventory number Total Checkouts Full call number Barcode Date last seen Price effective from Koha item type
    Dewey Decimal Classification     Main TEST RTC Library RTC Library Main opac 27/11/2018 10451   379.26 GOV 30011380 27/11/2018 27/11/2018 Main
Royal Thimphu College || All Right Reserved